Quiz mythologique : Arès. - Statistiques

Statistiques générales
  • Ce quiz a été pris 196 fois
  • Le résultat moyen est 9 sur 12
Statistiques - réponses
Questions Réponses % Correct
Père Zeus
99%
De quoi Arès est-il le dieu? Guerre
96%
Nom romain Mars
95%
Mère Héra
91%
Où réside-t-il? Mont Olympe
91%
Avec quelle déesse Arès aurait-il eu Érotes ou Amours? Aphrodite
90%
Nommez un de ses attributs? Casque | Bouclier | Lance
88%
Qui était le mari de cette déesse qui les surpris et les piégea, en faisant la risée des dieux? Héphaïstos
86%
Quel parti soutient-il lors de la guerre de Troie? Troyens
85%
Quel animal le symbolise? Chien | Vautour
45%
Durant celle-ci, par quel héros est-il vaincu au combat? Diomède
24%
Quelle serait la région préférée d'Arès, ses habitants étant considérés comme de farouche guerriers? Thrace
12%
Aucun quiz correspondant
Distribution des résultats
% des personnes avec chaque résultat
Percentile par nombre de réponses
Votre historique - résultats
Vous n’avez pas pris ce quiz